[Event "Gothenburg op"]
[Site "Gothenburg"]
[Date "2023.08.11"]
[Round "3"]
[White "Havner, Arvid"]
[Black "Buzleta, Patrik"]
[Result "0-1"]
[WhiteElo "1825"]
[BlackElo "1604"]
[PlyCount "94"]
[EventDate "2023.08.11"]
[EventType "swiss"]
[EventRounds "8"]
[EventCountry "SWE"]
[SourceTitle "CBM 215 Extra"]
[Source "ChessBase"]
[SourceDate "2023.09.30"]
[SourceVersion "1"]
[SourceVersionDate "2023.09.30"]
[SourceQuality "1"]

1. e4 e6 2. d4 d6 3. c4 g6 4. Nc3 Bg7 5. Be3 b6 6. Be2 Bb7 7. Qd2 h6 8. Nf3 Nd7 9. a4 a6 10. a5 Qe7 11. 0-0 Ngf6 12. d5 Ng4 13. Bd4 e5 14. Be3 bxa5 15. Rxa5 Nxe3 16. Qxe3 0-0 17. Nd2 Qd8 18. b4 f5 19. Nb3 f4 20. Qd3 h5 21. c5 Bc8 22. Rfa1 Nf6 23. b5 Ng4 24. h3 Nf6 25. cxd6 cxd6 26. bxa6 g5 27. Nb5 g4 28. h4 Nxe4 29. g3 fxg3 30. fxg3 Qb6+ 31. N3d4 Nf2 32. Qc4 exd4 33. Qc6 Qxc6 34. dxc6 d3 35. Bxd3 Bxa1 36. Bc4+ Kg7 37. Rxa1 Nh3+ 38. Kh1 Rxa6 39. Re1 Rxc6 40. Re7+ Kf6 41. Rh7 Rxc4 42. Rh6+ Ke7 43. Rh7+ Rf7 44. Rxf7+ Ke6 45. Rf1 Bb7+ 46. Kh2 Rc2+ 47. Rf2 Rxf2# 0-1

[Event "Malmo op"]
[Site "Malmo"]
[Date "2018.12.15"]
[Round "6"]
[White "Buzleta, Patrik"]
[Black "Fridman, Arvid"]
[Result "0-1"]
[WhiteElo "1568"]
[BlackElo "1191"]
[PlyCount "124"]
[EventDate "2018.12.14"]
[EventType "swiss"]
[EventRounds "8"]
[EventCountry "SWE"]
[SourceTitle "CBM 187 Extra"]
[Source "ChessBase"]
[SourceDate "2018.11.04"]
[SourceVersion "1"]
[SourceVersionDate "2018.11.04"]
[SourceQuality "1"]

1. Nf3 d5 2. b3 Nf6 3. e3 Bf5 4. Bb2 e6 5. h3 c5 6. d3 Nc6 7. Nbd2 d4 8. a3 Be7 9. Qe2 a5 10. g4 Bg6 11. Bg2 a4 12. Nh2 Nd5 13. Nhf3 Bf6 14. g5 Bxg5 15. Nxg5 Qxg5 16. Bxd5 Qxd5 17. Rg1 Bh5 18. Qf1 0-0 19. Ne4 Bg6 20. Rg5 f5 21. Nd2 axb3 22. cxb3 Na5 23. Nc4 b5 24. e4 Qd8 25. Nxa5 Qxg5 26. Nb7 fxe4 27. dxe4 Bxe4 28. Nd6 Bc6 29. Qe2 Qg1+ 30. Kd2 Qg5+ 31. Kc2 d3+ 32. Qxd3 Qg6 33. Qxg6 hxg6 34. Rg1 Rfd8 35. Be5 Kh7 36. Kb2 Rf8 37. f4 Ra7 38. h4 Rfa8 39. h5 gxh5 40. f5 exf5 41. Nxf5 g6 42. Nh4 Be4 43. Bd6 Rxa3 44. Bxc5 Ra2+ 45. Kc3 Rh2 46. Be7 Re8 47. Bg5 Bb7 48. Rg3 Re4 49. Nf3 Ra2 50. Bd2 Rg4 51. Ng5+ Kg8 52. Rd3 Rxd2 53. Rxd2 Rxg5 54. Rd8+ Kf7 55. Rd7+ Ke6 56. Rxb7 Kd6 57. Rh7 Kc5 58. Rc7+ Kb6 59. Rh7 Rg4 60. Rh6 Kc5 61. b4+ Kd5 62. Rh7 Rg3+ 0-1

[Event "Gothenburg op"]
[Site "Gothenburg"]
[Date "2018.08.17"]
[Round "4"]
[White "Buzleta, Patrik"]
[Black "Kardell, Mathias"]
[Result "1/2-1/2"]
[WhiteElo "1501"]
[BlackElo "2084"]
[PlyCount "54"]
[EventDate "2018.08.17"]
[EventType "swiss"]
[EventRounds "8"]
[EventCountry "SWE"]
[SourceTitle "CBM 186 Extra"]
[Source "ChessBase"]
[SourceDate "2018.08.24"]
[SourceVersion "1"]
[SourceVersionDate "2018.08.24"]
[SourceQuality "1"]

1. Nf3 d5 2. b3 Nf6 3. Bb2 Bf5 4. e3 e6 5. h3 Nbd7 6. a3 c5 7. d3 Bg6 8. Nbd2 Qc7 9. g3 Bd6 10. Qe2 0-0 11. g4 e5 12. Nh4 e4 13. dxe4 Bxe4 14. Nxe4 Nxe4 15. 0-0-0 Nb6 16. Bg2 Be5 17. Bxe4 Bxb2+ 18. Kxb2 Qe5+ 19. Ka2 dxe4 20. f4 exf3 21. Qxf3 c4 22. Nf5 cxb3+ 23. cxb3 Rac8 24. Rd2 Rc7 25. Rhd1 Qc3 26. Qe4 h6 27. a4 a5 1/2-1/2